| 000 | 00688pam a2200193 a 4500 | ||
|---|---|---|---|
| 020 | _a0121678806 (acidfree paper) | ||
| 082 | 0 | 0 |
_a531 _bCHA _cL-38, P-15 |
| 100 | 1 |
_aChandrasekharaiah, D. S., _939808 |
|
| 245 | 1 | 0 |
_aContinuum mechanics / _cD.S. Chandrasekharaiah, Lokenath Debnath. |
| 260 |
_aBoston : _bAcademic Press, _cc1994. |
||
| 300 |
_axiv, 595 p.: _bill.; _c24 cm. |
||
| 526 |
_a0 _b0 _c0 _d531_000000000000000_CHA |
||
| 650 | 0 |
_aContinuum mechanics. _920066 |
|
| 650 | 0 |
_aMCE _9379 |
|
| 700 | 1 |
_aDebnath, Lokenath. _939809 |
|
| 856 | 4 | 1 | _uhttp://www.loc.gov/catdir/toc/els032/93041278.html |
| 856 | 4 | 2 | _uhttp://www.loc.gov/catdir/description/els032/93041278.html |
| 942 |
_2ddc _cBK |
||
| 999 |
_c544236 _d544236 |
||